000 00449pab a2200169 454500
008 180718b2014 xxu||||| |||| 00| 0 eng d
100 _aBanerjee, Poulomi
245 _aMeasuring and mapping transitory spaces in India: A case study of Hyderabad city
260 _c2014
300 _ap.277-287.
362 _aDec
650 _aUrban development
700 _aBabu, Nani
700 _aMallik, Chinmoyee
773 _aVision
909 _a107241
999 _c107236
_d107236